00644nam a22002177a 4500003000500000005001700005008004100022010001000063011001000073035001000083040000900093082001700102110000800119245008600127260002300213300001100236490002700247650004000274711008500314830002700399CHAP20220817042218.0971013s1960 r 00010 d a37722 a38694 a42814 cCHAP a636.0896bF2 aFAO aInforme de la reunión internacional sobre enseñanza veterinaria, Londres 1960 aRoma :bFAO,c1960 a130 p. aFAO. Informe An-1960/414aVeterinariaxEstudio y enseñanza.0 aReunión Internacional de la FAO sobre Enseñanza Veterinaria (1960 : Londres)0 aFAO. Informe An-1960/4